|
|
|
|
| LEADER |
01013nam a2200229 a 4500 |
| 001 |
GR-MES8049 |
| 008 |
010831s1993 gr 000 0 gre d |
| 020 |
|
|
|a 9607602013
|
| 040 |
|
|
|a GrPaTEI
|b gre
|c GR-PaULI
|
| 040 |
|
|
|a GrPaTEI
|b gre
|c GR-PaULI
|
| 245 |
0 |
3 |
|a Οι τελευταίες ημέρες της Σμύρνης =
|b les derniers jours de Smyrne /
|c Rene Puaux ; Ντίνα Νίκα.
|
| 260 |
|
|
|a Αθήνα :
|b Ιστορητής,
|c 1993
|
| 300 |
|
|
|a 153 σελ. :
|b εικ
|
| 490 |
0 |
|
|a ΝΕΟΕΛΛΗΝΙΚΗ ΙΣΤΟΡΙΚΗ ΒΙΒΛΙΟΘΗΚΗ
|
| 500 |
|
|
|a βιβλιογραφία:σελ(137-139)
|
| 650 |
|
4 |
|a Μικρασιατική Καταστροφή
|
| 700 |
1 |
|
|a PUAUX, RENE
|
| 700 |
1 |
|
|a Νίκα, Ντίνα
|
| 942 |
|
|
|2 ddc
|
| 952 |
|
|
|0 0
|1 0
|2 ddc
|4 0
|6 956_102000000000000_3_PUA
|7 0
|9 278423
|a MSLG
|b MSLG
|c BSC
|d 2021-01-17
|e 24
|f 0
|g 0.00
|l 0
|o 956.102 3 PUA
|p 2420000011245
|r 2021-01-17 00:00:00
|t 1
|w 2021-01-17
|y BK15
|x 20010831 0 1
|x GrPaTEI
|
| 971 |
|
|
|a .b25865195
|b 16-04-20
|c 14-09-16
|
| 999 |
|
|
|c 161988
|d 161988
|